Water and waste water/ (Record no. 548007)
[ view plain ]
| 000 -LEADER | |
|---|---|
| fixed length control field | 00411nam a22001457a 4500 |
| 022 ## - INTERNATIONAL STANDARD SERIAL NUMBER | |
| International Standard Serial Number | 9788131302620 |
| 082 ## - DEWEY DECIMAL CLASSIFICATION NUMBER | |
| Classification number | 628.3 |
| Author Mark | GOP |
| -- | L-40, P-81 |
| 100 ## - MAIN ENTRY--PERSONAL NAME | |
| Personal name | Dr Krishna Gopal |
| 9 (RLIN) | 44189 |
| 245 ## - TITLE STATEMENT | |
| Title | Water and waste water/ |
| 260 ## - PUBLICATION, DISTRIBUTION, ETC. | |
| Place of publication, distribution, etc. | New Dehli: |
| Name of publisher, distributor, etc. | A.P.H Publishing corporation, |
| Date of publication, distribution, etc. | c2007 |
| 300 ## - PHYSICAL DESCRIPTION | |
| Extent | ix, 173 p,; |
| Other physical details | garph;, |
| Dimensions | 19cm |
| 526 ## - STUDY PROGRAM INFORMATION NOTE | |
| Program name | 0 |
| Interest level | 0 |
| Reading level | 0 |
| Title point value | 628_300000000000000_GOP |
| 650 ## - SUBJECT ADDED ENTRY--TOPICAL TERM | |
| Topical term or geographic name entry element | MCE |
| 9 (RLIN) | 379 |
| 942 ## - ADDED ENTRY ELEMENTS (KOHA) | |
| Source of classification or shelving scheme | |
| Koha item type | Book |
| Withdrawn status | Lost status | Source of classification or shelving scheme | Damaged status | Not for loan | Permanent Location | Current Location | Date acquired | Total Checkouts | Full call number | Barcode | Date last seen | Date last checked out | Price effective from | Koha item type |
|---|---|---|---|---|---|---|---|---|---|---|---|---|---|---|
| Military College of Engineering (MCE) | Military College of Engineering (MCE) | 08/19/2014 | 1 | 628.3 GOP | MCE-39226 | 02/07/2017 | 10/22/2015 | 08/19/2014 | Book |
